Statistics for Ballon D'Or Winners

Click here to take the quiz!

General Stats

  • This quiz has been taken 45 times
  • The average score is 27 of 64

Answer Stats

YearWinner% Correct
2011Lionel Messi
100%
2012Lionel Messi
100%
2015Lionel Messi
100%
2010Lionel Messi
100%
1997Ronaldo
100%
2002Ronaldo
100%
2009Lionel Messi
98%
2019Lionel Messi
98%
2013Cristiano ronaldo
86%
2014Cristiano Ronaldo
86%
2016Cristiano Ronaldo
86%
2008Cristiano Ronaldo
86%
2017Cristiano Ronaldo
86%
2018Luka Modric
86%
1998Zinédine Zidane
77%
2007Kaka
75%
2001Michael Owen
66%
2005Ronaldinho
66%
2006Fabio Cannavaro
61%
2000Luis Figo
50%
1999Rivaldo
50%
1976Franz Beckenbauer
43%
1972Franz Beckenbauer
43%
1989Marco Van Basten
43%
1992Marco Van Basten
43%
1988Marco Van Basten
43%
1983Michel Platini
43%
1984Michel Platini
43%
1985Michel Platini
43%
1987Ruud Gullit
39%
1959Alfredo Di Stéfano
34%
1957Alfredo Di Stéfano
34%
1970Gerd Muller
34%
2003Pavel Nedved
34%
1993Roberto Baggio
34%
1968George Best
32%
1966Bobby Charlton
30%
1979Kevin Keegan
25%
1978Kevin Keegan
25%
1960Luis Suárez
25%
1965Eusébio
23%
1991Jean-Pierre Papin
23%
1996Matthias Sammer
23%
1982Paolo Rossi
23%
1995George Weah
20%
1964Denis Law
18%
1958Raymond Kopa
18%
1981Karl-Heinz Rummenigge
16%
1980Karl-Heinz Rummenigge
16%
1956Stanley Matthews
16%
1967Florián Albert
11%
1971Johan Cruijff
9%
1973Johan Cruijff
9%
1974Johan Cruijff
9%
1962Josef Masopust
9%
1969Gianni Rivera
7%
1961Omar Sivori
7%
1977Allan Simonsen
5%
2004Andrij Sjevtsjenko
0%
1994Christo Stoitsjkov
0%
1986Ihor Bilanov
0%
1963Lev Lasjin
0%
1990Lothar Matthous
0%
1975Oleh Blochin
0%

Score Distribution

Percentile by Number Answered

Percent of People with Each Score

Your Score History

You have not taken this quiz